The Rookie Charaktere - Statistiken

Allgemein
  • Dieses Quiz wurde 519 mal gespielt
  • Das Durchschnittsergebnis liegt bei 13 aus 16
Antwortstatistiken
Bildquiz Antwort % Korrekt
John Nolan
98%
Lucy Chen
98%
Tim Bradford
98%
Jackson West
93%
Angela Lopez
91%
Nyla Harper
85%
Smitty
84%
Wade Grey
82%
Wesley Evers
78%
Bailey Nune
77%
Tamara Collins
73%
Aaron Thorsen
72%
Celina Juarez
72%
Rosalind Dyer
72%
Elijah Stone
65%
Monica Stevens
53%
Keine übereinstimmenden Quizze gefunden
Verteilung der Resultate
Anzahl Personen mit jedem Resultat
Perzentil nach korrekt beantworteten Fragen
Ihre Resultats-Entwicklung
Sie haben dieses Quiz noch nicht gespielt